Normal view
MARC view
- Wiley self-teaching guides
Entry Uniform Title
001 - CONTROL NUMBER
- control field: 12222
003 - CONTROL NUMBER IDENTIFIER
- control field: NUST
005 - DATE AND TIME OF LATEST TRANSACTION
- control field: 20180801080937.0
008 - FIXED-LENGTH DATA ELEMENTS
- fixed length control field: 180801|| aca||aabn | a|a d
040 ## - CATALOGING SOURCE
- Original cataloging agency: NUST
- Transcribing agency: NUST
130 ## - HEADING--UNIFORM TITLE
- Uniform title: Wiley self-teaching guides
670 ## - SOURCE DATA FOUND
- Source citation: Work cat.: (NUST)0: Ferner, Jack D. 1930- 12221, Successful time management ., c1995.
